000 00716cam a22002413a 4500
001 18939
003 PGUSA
005 20140828083413.0
008 060730s2006||||xxu|||||s|||||000 1 eng d
040 _aPGUSA
_beng
042 _adc
050 4 _aPZ
100 1 _aStokes, Roy Eliot
245 1 0 _aAndy at Yale :
_bOr, The Great Quadrangle Mystery
_h[electronic resource] /
_cRoy Eliot Stokes
260 _bProject Gutenberg,
_c2006
506 _aPublic domain in the USA.
516 _aElectronic text
653 _aYale University -- Juvenile fiction
653 _aCollege students -- Juvenile fiction
830 0 _aProject Gutenberg
_v18939
856 4 0 _uhttp://www.gutenberg.org/ebooks/18939
942 _cEB
999 _c248194
_d248194